Statistiques concernant Test de mémoire à court terme - Drapeaux

Cliquez ici pour prendre le quiz!

Statistiques générales

  • Ce quiz a été pris 369 fois
  • Le résultat moyen est 7 sur 15

Statistiques - réponses

Pays% Correct
100%
100%
100%
100%
100%
86%
86%
83%
83%
83%
83%
80%
80%
80%
80%
80%
78%
78%
75%
75%
75%
75%
75%
75%
71%
71%
71%
69%
67%
67%
67%
67%
67%
67%
67%
67%
67%
67%
67%
63%
63%
63%
63%
63%
62%
60%
60%
60%
60%
60%
60%
57%
57%
57%
57%
57%
56%
56%
56%
55%
50%
50%
50%
50%
50%
50%
50%
50%
50%
50%
50%
50%
50%
50%
50%
50%
50%
50%
50%
50%
50%
50%
50%
50%
50%
50%
44%
43%
43%
43%
43%
43%
43%
43%
43%
43%
43%
43%
43%
43%
43%
43%
43%
42%
40%
40%
40%
40%
40%
40%
40%
40%
40%
40%
38%
38%
38%
38%
38%
38%
38%
36%
33%
33%
33%
33%
33%
33%
33%
33%
33%
33%
33%
33%
33%
33%
33%
33%
33%
33%
33%
33%
33%
33%
30%
30%
29%
25%
25%
25%
25%
25%
25%
25%
25%
25%
25%
25%
25%
22%
20%
20%
20%
20%
20%
20%
20%
20%
20%
20%
17%
17%
17%
17%
17%
15%
14%
14%
13%
0%
0%
0%
0%
0%
0%
0%
0%
0%
0%
0%
0%
0%
0%
0%
0%
0%

Distribution des résultats

Percentile par nombre de réponses

% des personnes avec chaque résultat

Votre développement - résultats

Vous n’avez pas pris ce quiz